Principles And Practice of Management (Record no. 370843)

MARC details
000 -LEADER
fixed length control field 00450nam a22001817a 4500
005 - DATE AND TIME OF LATEST TRANSACTION
control field 20260331162126.0
008 - FIXED-LENGTH DATA ELEMENTS--GENERAL INFORMATION
fixed length control field 260331b |||||||| |||| 00| 0 eng d
020 ## - INTERNATIONAL STANDARD BOOK NUMBER
International Standard Book Number 9789351611813
041 ## - LANGUAGE CODE
Language code of text/sound track or separate title eng
082 ## - DEWEY DECIMAL CLASSIFICATION NUMBER
Classification number 658.001
Item number PRA B23048
100 ## - MAIN ENTRY--PERSONAL NAME
Author Prasad L M
245 ## - TITLE STATEMENT
Title Principles And Practice of Management
Statement of responsibility, etc. 10th Ed.
250 ## - EDITION STATEMENT
Edition statement 10th Ed.
260 ## - PUBLICATION, DISTRIBUTION, ETC.
Place of publication, distribution, etc. New Delhi
Name of publisher, distributor, etc. s Chand
Date of publication, distribution, etc. 2023
300 ## - PHYSICAL DESCRIPTION
Extent 536p
500 ## - GENERAL NOTE
Keywords PPM
942 ## - ADDED ENTRY ELEMENTS (KOHA)
Koha item type Books
Holdings
Withdrawn status Lost status Source of classification or shelving scheme Damaged status Not for loan Home library Current library Date acquired Vendor Net Price Bill number Total Checkouts Full call number Barcode Date last seen Actual Price Bill Date Koha item type Original Barcode
    Dewey Decimal Classification     Smt. Hiraben Nanavati Institute of Management & Research for Women Smt. Hiraben Nanavati Institute of Management & Research for Women 13/02/2026 The Forward Books 550.00 25312   658.001 PRA B23048 HIMR-BK-23048 31/03/2026 401.50 29/01/2026 Books B23048